| 000 | 00000nam 2200000za 4500 |
| 001 | 9.690679 |
| 003 | CaOODSP |
| 005 | 20211126112849 |
| 007 | cr ||||||||||| |
| 008 | 150407s2008 onc|||||o f|0| 0 eng d |
| 020 | |a978-0-662-47871-3 |
| 040 | |aCaOODSP|beng |
| 043 | |an-cn--- |
| 086 | 1 |aFB2-27/2008E-PDF |
| 110 | 2 |aBank of Canada. |
| 245 | 10|aAbout the Bank |h[electronic resource]. |
| 260 | |aOttawa : |bBank of Canada, |cc2010. |
| 300 | |a24 p. : |bphotographs. |
| 500 | |aThe catalogue number (FB2-27/2008) and ISBN (978-0-662-05374-3) for the bilingual print edition have been incorrectly copied in this electronic version. |
| 520 | 3 |aTells the Bank of Canada's story. It explains how the Bank works, including its five main functions: monetary policy; currency; the financial system; funds management; and retail debt services (such as Canada Savings Bonds). It also describes the Bank's corporate governance and management; its history; its departments; and its Board of Directors and management. Includes contact information for across Canada and for the New York office. |
| 590 | |a12-23-Supp|b2012-05-28 |
| 690 | 07|aBanks|2gcpds |
| 775 | 08|tLa Banque en bref |w(CaOODSP)9.635028 |
| 776 | 0#|tAbout the Bank |w(CaOODSP)9.669779 |
| 776 | 0#|tLa Banque en bref |w(CaOODSP)9.669780 |
| 795 | |tAbout the Bank |w(CaOODSP)9.689712 |
| 856 | 40|ahttp://publications.gc.ca|qPDF|s1.21 MB|uhttps://publications.gc.ca/collections/collection_2012/banque-bank-canada/FB2-27-2008-eng.pdf |